| 000 | 00590nam a2200229Ia 4500 | ||
|---|---|---|---|
| 001 | 46401 | ||
| 005 | 20240114003751.0 | ||
| 007 | ta | ||
| 008 | 090330s1919 g b000 u Eng u | ||
| 040 | _aCotton College,Assam | ||
| 041 | _aEng | ||
| 082 |
_a823.93 _bBEE |
||
| 100 | _aBeerbohm, Max . | ||
| 245 | 0 |
_aSeven Men And Two Others / _cMax Beerbohm. _hTextual Documents |
|
| 250 | _a1st ed. / | ||
| 260 |
_aMiddlesex : _bPenguin Books Ltd , _c1919. |
||
| 300 |
_a185p. ; _c12 cm.. |
||
| 653 | _aT/G-English | ||
| 942 |
_2ddc _cBK |
||
| 999 |
_c46366 _d46366 |
||